The European communities today and tomorrow : New rules for the seventies
Saved in:
| Corporate Author: | |
|---|---|
| Format: | Book |
| Language: | Undetermined |
| Published: |
Geneva
1969
|
| Subjects: | |
| Tags: |
Add Tag
No Tags, Be the first to tag this record!
|
| Institutions: | Trung tâm Học liệu Trường Đại học Cần Thơ |
|---|
| LEADER | 00532nam a2200181Ia 4500 | ||
|---|---|---|---|
| 001 | CTU_89665 | ||
| 008 | 210402s9999 xx 000 0 und d | ||
| 082 | |a 382.9142 | ||
| 082 | |b B979 | ||
| 110 | |a Business International S. A. | ||
| 245 | 4 | |a The European communities today and tomorrow : | |
| 245 | 0 | |b New rules for the seventies | |
| 245 | 0 | |c Business International S. A. | |
| 260 | |a Geneva | ||
| 260 | |c 1969 | ||
| 650 | |a European communities | ||
| 904 | |i Bằng | ||
| 980 | |a Trung tâm Học liệu Trường Đại học Cần Thơ | ||